[Event "Prague op"]
[Site "Prague"]
[Date "2020.02.20"]
[Round "7"]
[White "Petrova, Kristyna"]
[Black "Kalinowska, Zuzanna"]
[Result "1/2-1/2"]
[WhiteElo "2253"]
[BlackElo "2036"]
[PlyCount "31"]
[EventDate "2020.02.14"]
[EventType "swiss"]
[EventRounds "9"]
[EventCountry "CZE"]
[SourceTitle "CBM 195 Extra"]
[Source "ChessBase"]
[SourceDate "2020.05.31"]
[SourceVersion "1"]
[SourceVersionDate "2020.05.31"]
[SourceQuality "1"]

1. Nf3 Nf6 2. c4 e6 3. b3 d5 4. Bb2 Be7 5. g3 0-0 6. Bg2 Nbd7 7. 0-0 c6 8. d4 Rb8 9. Nc3 b5 10. cxb5 cxb5 11. Ne5 Nxe5 12. dxe5 Nd7 13. e4 b4 14. Na4 dxe4 15. Bxe4 Bb7 16. Bxb7 1/2-1/2

[Event "Prague op"]
[Site "Prague"]
[Date "2020.02.19"]
[Round "6"]
[White "Kalinowska, Zuzanna"]
[Black "Fedorov, Evgueny"]
[Result "1/2-1/2"]
[WhiteElo "2036"]
[BlackElo "2297"]
[PlyCount "81"]
[EventDate "2020.02.14"]
[EventType "swiss"]
[EventRounds "9"]
[EventCountry "CZE"]
[SourceTitle "CBM 195 Extra"]
[Source "ChessBase"]
[SourceDate "2020.05.31"]
[SourceVersion "1"]
[SourceVersionDate "2020.05.31"]
[SourceQuality "1"]

1. d4 Nf6 2. c4 e6 3. Nc3 Bb4 4. e3 0-0 5. Bd3 d5 6. a3 Bxc3+ 7. bxc3 dxc4 8. Bxc4 c5 9. Ne2 Qc7 10. Bd3 e5 11. 0-0 Nc6 12. Qc2 Be6 13. Ng3 Rac8 14. dxc5 Ne7 15. Rb1 Qxc5 16. Ne4 Nxe4 17. Bxe4 b6 18. Bxh7+ Kh8 19. Bd3 f5 20. Rd1 e4 21. Bf1 Bc4 22. Bxc4 Qxc4 23. Rd4 Qxc3 24. Qd1 Qc2 25. Bb2 Qxd1+ 26. Rbxd1 Rc2 27. R1d2 Rfc8 28. h3 Kg8 29. Rd8+ Kf7 30. Rxc2 Rxc2 31. Be5 g6 32. g4 Ke6 33. Bg7 Ra2 34. gxf5+ gxf5 35. h4 Kf7 36. Bh6 Rxa3 37. h5 Rd3 38. Rf8+ Ke6 39. Bg7 Ng8 40. h6 Nxh6 41. Bxh6 1/2-1/2

[Event "Brno op 9th"]
[Site "Brno"]
[Date "2019.11.05"]
[Round "3"]
[White "Kalinowska, Zuzanna"]
[Black "Baklanova, Tatiana"]
[Result "0-1"]
[WhiteElo "1998"]
[BlackElo "2173"]
[PlyCount "88"]
[EventDate "2019.11.03"]
[EventType "swiss"]
[EventRounds "7"]
[EventCountry "CZE"]
[SourceTitle "CBM 193 Extra"]
[Source "ChessBase"]
[SourceDate "2020.01.31"]
[SourceVersion "1"]
[SourceVersionDate "2020.01.31"]
[SourceQuality "1"]

1. d4 Nf6 2. c4 d6 3. Nc3 Nbd7 4. e4 e5 5. Nf3 c6 6. d5 Nc5 7. Qc2 Bg4 8. Be2 Bxf3 9. Bxf3 a5 10. Be3 Nfd7 11. 0-0 Be7 12. Na4 Nxa4 13. Qxa4 Qc7 14. Rac1 0-0 15. g3 c5 16. Bg2 Bf6 17. Bd2 Rfe8 18. Qc2 a4 19. a3 Reb8 20. Bc3 b5 21. cxb5 Rxb5 22. Bh3 Rb3 23. Qe2 Qd8 24. Qg4 Nb6 25. f4 Qe7 26. fxe5 Bxe5 27. Rf2 Bxc3 28. Rxc3 Rxc3 29. bxc3 Nc4 30. Qd7 Qxd7 31. Bxd7 Nxa3 32. Ra2 Nb1 33. Bc6 Rb8 34. Rxa4 Nxc3 35. Rc4 Ne2+ 36. Kf2 Nd4 37. Ra4 g6 38. Ke3 Kg7 39. Bd7 Rb7 40. Bc8 Rc7 41. Bh3 Kf6 42. Ra8 Re7 43. Kf4 Ne2+ 44. Ke3 Nc3 0-1

[Event "Pardubice Czech op-A 30th"]
[Site "Pardubice"]
[Date "2019.07.19"]
[Round "1"]
[White "Van Osch, Mees"]
[Black "Kalinowska, Zuzanna"]
[Result "1-0"]
[WhiteElo "2316"]
[BlackElo "2093"]
[PlyCount "67"]
[EventDate "2019.07.19"]
[EventType "swiss"]
[EventRounds "9"]
[EventCountry "CZE"]
[SourceTitle "CBM 191"]
[Source "ChessBase"]
[SourceDate "2019.08.31"]
[SourceVersion "1"]
[SourceVersionDate "2019.08.31"]
[SourceQuality "1"]

1. e4 e6 2. d4 d5 3. Nc3 Bb4 4. e5 c5 5. Bd2 Ne7 6. a3 Bxc3 7. Bxc3 b6 8. Bb5+ Bd7 9. Bd3 cxd4 10. Bxd4 Nbc6 11. Nf3 Qc7 12. c3 Ng6 13. Bxg6 hxg6 14. 0-0 Ne7 15. a4 Nf5 16. Qd2 Rc8 17. b4 a6 18. Rfc1 0-0 19. g4 Nxd4 20. cxd4 Qb7 21. Qg5 Rc4 22. Qh4 Rxc1+ 23. Rxc1 Rc8 24. Rf1 Bxa4 25. Ng5 Be8 26. Qh7+ Kf8 27. Qh8+ Ke7 28. Qxg7 Rc6 29. h4 Kd8 30. h5 Qe7 31. h6 Qxg5 32. Qf6+ Qxf6 33. exf6 Rc3 34. f3 1-0

[Event "Panevezys Elite op"]
[Site "Panevezys"]
[Date "2019.06.29"]
[Round "8"]
[White "Kalinowska, Zuzanna"]
[Black "Sinitsina, Anastassia"]
[Result "1/2-1/2"]
[WhiteElo "2093"]
[BlackElo "2095"]
[PlyCount "95"]
[EventDate "2019.06.24"]
[EventType "swiss"]
[EventRounds "9"]
[EventCountry "LTU"]
[SourceTitle "CBM 191 Extra"]
[Source "ChessBase"]
[SourceDate "2019.09.30"]
[SourceVersion "1"]
[SourceVersionDate "2019.09.30"]
[SourceQuality "1"]

1. d4 Nf6 2. c4 c5 3. d5 b5 4. cxb5 a6 5. bxa6 g6 6. Nc3 Bg7 7. e4 0-0 8. Nf3 Qa5 9. Bd2 Bxa6 10. Be2 d6 11. 0-0 Bxe2 12. Qxe2 Qa6 13. Rfe1 Qxe2 14. Rxe2 Nbd7 15. b3 Rfb8 16. Rc1 Ne8 17. Na4 Nb6 18. Nxb6 Rxb6 19. Bc3 Nc7 20. Bxg7 Kxg7 21. Rcc2 Ra7 22. Rcd2 Nb5 23. Re3 Rba6 24. a4 Nc7 25. Rc3 Rb6 26. Rd1 Rb4 27. Nd2 Rab7 28. Kf1 f5 29. f3 Ne8 30. Re1 Nf6 31. h3 fxe4 32. fxe4 Rd4 33. Re2 Rxd2 34. Rxd2 Nxe4 35. Rdd3 Nxc3 36. Rxc3 Kf6 37. Re3 Rb4 38. Ke2 Rd4 39. a5 Rb4 40. Rf3+ Kg7 41. Rf1 Rxb3 42. Ra1 e6 43. a6 Rb8 44. a7 Ra8 45. dxe6 Kf6 46. Kd3 Kxe6 47. Kc4 Kd7 48. Kd5 1/2-1/2

[Event "Panevezys Elite op"]
[Site "Panevezys"]
[Date "2019.06.28"]
[Round "7"]
[White "Stasans, Aivars"]
[Black "Kalinowska, Zuzanna"]
[Result "1-0"]
[WhiteElo "2039"]
[BlackElo "2093"]
[PlyCount "87"]
[EventDate "2019.06.24"]
[EventType "swiss"]
[EventRounds "9"]
[EventCountry "LTU"]
[SourceTitle "CBM 191 Extra"]
[Source "ChessBase"]
[SourceDate "2019.09.30"]
[SourceVersion "1"]
[SourceVersionDate "2019.09.30"]
[SourceQuality "1"]

1. e4 e6 2. d4 d5 3. Nc3 Bb4 4. e5 c5 5. Bd2 Bxc3 6. Bxc3 b6 7. Qg4 Kf8 8. Nf3 Ba6 9. Bxa6 Nxa6 10. h4 Nb4 11. Bxb4 cxb4 12. 0-0 Rc8 13. Rfc1 h5 14. Qf4 Ne7 15. Qd2 a5 16. c3 bxc3 17. Rxc3 Rxc3 18. Qxc3 f6 19. Rc1 Kf7 20. Qd3 Qd7 21. g3 Nf5 22. Qc3 Ne7 23. Qd3 Nf5 24. Qa6 Rb8 25. Kg2 Rb7 26. Qa8 Rc7 27. Rxc7 Qxc7 28. Qh8 Kg6 29. Qe8+ Qf7 30. Qc6 Kh6 31. Qxb6 g5 32. Qxa5 g4 33. Ng1 fxe5 34. dxe5 Qb7 35. Qd2+ Kh7 36. Ne2 d4+ 37. Kg1 Qe4 38. Nf4 Qb1+ 39. Kg2 Qe4+ 40. Kg1 Qb1+ 41. Kh2 d3 42. Qxd3 Qxb2 43. Qe2 Qb7 44. Nxe6 1-0

[Event "Panevezys Elite op"]
[Site "Panevezys"]
[Date "2019.06.27"]
[Round "6"]
[White "Kalinowska, Zuzanna"]
[Black "Sahajasri, Cholleti"]
[Result "0-1"]
[WhiteElo "2093"]
[BlackElo "2207"]
[PlyCount "104"]
[EventDate "2019.06.24"]
[EventType "swiss"]
[EventRounds "9"]
[EventCountry "LTU"]
[SourceTitle "CBM 191 Extra"]
[Source "ChessBase"]
[SourceDate "2019.09.30"]
[SourceVersion "1"]
[SourceVersionDate "2019.09.30"]
[SourceQuality "1"]

1. d4 Nf6 2. c4 e6 3. Nc3 Bb4 4. Qc2 0-0 5. e4 d5 6. e5 Ne4 7. Bd3 c5 8. Nge2 cxd4 9. Nxd4 Nd7 10. Bf4 Ndc5 11. Rd1 Qa5 12. 0-0 Bxc3 13. bxc3 Qxc3 14. Nb5 Qxc2 15. Bxc2 Bd7 16. Bxe4 Nxe4 17. Na3 Bc6 18. Rc1 Rac8 19. c5 f6 20. f3 fxe5 21. Bxe5 Nf6 22. Rfe1 Nd7 23. Bd6 Rfe8 24. Nc2 e5 25. Ne3 Re6 26. Rcd1 d4 27. Nc4 Rce8 28. f4 exf4 29. Rxe6 Rxe6 30. Rxd4 g5 31. h4 Re2 32. Rd2 Rxd2 33. Nxd2 gxh4 34. Bxf4 Nxc5 35. Bg5 Bd5 36. a3 Kf7 37. Bxh4 Ke6 38. Bf2 b6 39. Bd4 Kd6 40. Kf2 Kc6 41. g4 Kb5 42. Nb1 Ne4+ 43. Ke3 Kc4 44. Bg7 Kb3 45. Kd3 Ka2 46. Kc2 Be6 47. g5 Bf5 48. Kc1 Nxg5 49. Nc3+ Kxa3 50. Nb5+ Kb4 51. Nxa7 Bd7 52. Kd2 Ka5 0-1

[Event "Panevezys Elite op"]
[Site "Panevezys"]
[Date "2019.06.26"]
[Round "5"]
[White "Kalinowska, Zuzanna"]
[Black "Juknis, Paulius"]
[Result "1/2-1/2"]
[WhiteElo "2093"]
[BlackElo "2169"]
[PlyCount "40"]
[EventDate "2019.06.24"]
[EventType "swiss"]
[EventRounds "9"]
[EventCountry "LTU"]
[SourceTitle "CBM 191 Extra"]
[Source "ChessBase"]
[SourceDate "2019.09.30"]
[SourceVersion "1"]
[SourceVersionDate "2019.09.30"]
[SourceQuality "1"]

1. d4 f5 2. g3 Nf6 3. Bg2 g6 4. Nh3 Bg7 5. Nf4 Nc6 6. h4 e5 7. dxe5 Nxe5 8. Nd2 c6 9. c3 d5 10. Nf3 Nfg4 11. Nxe5 Nxe5 12. h5 Qd6 13. hxg6 hxg6 14. Rxh8+ Bxh8 15. Nd3 Bd7 16. Bf4 Qe7 17. Bxe5 Bxe5 18. Nxe5 Qxe5 19. Qd4 Qxd4 20. cxd4 Ke7 1/2-1/2

[Event "Panevezys Elite op"]
[Site "Panevezys"]
[Date "2019.06.26"]
[Round "4"]
[White "Semjonovs, Ilja"]
[Black "Kalinowska, Zuzanna"]
[Result "1/2-1/2"]
[WhiteElo "2383"]
[BlackElo "2093"]
[PlyCount "75"]
[EventDate "2019.06.24"]
[EventType "swiss"]
[EventRounds "9"]
[EventCountry "LTU"]
[SourceTitle "CBM 191 Extra"]
[Source "ChessBase"]
[SourceDate "2019.09.30"]
[SourceVersion "1"]
[SourceVersionDate "2019.09.30"]
[SourceQuality "1"]

1. Nf3 Nf6 2. c4 d6 3. g3 e5 4. d3 Be7 5. Bg2 Nbd7 6. Nc3 c6 7. 0-0 Nf8 8. b4 Ng6 9. Rb1 Bd7 10. a4 Qc8 11. Re1 Bh3 12. Bh1 h5 13. b5 h4 14. bxc6 bxc6 15. e4 Nh5 16. Ng5 hxg3 17. fxg3 Bg4 18. Bf3 Bxf3 19. Qxf3 Nf6 20. Be3 0-0 21. Qf5 Qa6 22. h4 Rfb8 23. h5 Nf8 24. h6 g6 25. Qh3 N8h7 26. Rf1 Qa5 27. Nxh7 Kxh7 28. Rbc1 Rb3 29. Bg5 Rxc3 30. Rxc3 Qxc3 31. Bxf6 Bxf6 32. Rxf6 Qd4+ 33. Kh2 Rf8 34. Qd7 Qxd3 35. Qxd6 Qe2+ 36. Kg1 Qe1+ 37. Kh2 Qe2+ 38. Kg1 1/2-1/2

[Event "Ostrava Konik op-A"]
[Site "Ostrava"]
[Date "2019.04.28"]
[Round "2"]
[White "Kalinowska, Zuzanna"]
[Black "Lys, Josef"]
[Result "1/2-1/2"]
[WhiteElo "2046"]
[BlackElo "2151"]
[PlyCount "130"]
[EventDate "2019.04.27"]
[EventType "swiss"]
[EventRounds "9"]
[EventCountry "CZE"]
[SourceTitle "CBM 190 Extra"]
[Source "ChessBase"]
[SourceDate "2019.07.15"]
[SourceVersion "1"]
[SourceVersionDate "2019.07.15"]
[SourceQuality "1"]

1. d4 d5 2. c4 c6 3. Nf3 Nf6 4. e3 g6 5. Nbd2 Bg7 6. Bd3 0-0 7. 0-0 Bg4 8. b3 Re8 9. Bb2 Nbd7 10. Qc2 Bxf3 11. Nxf3 e6 12. Rfe1 Qc7 13. Rac1 Rad8 14. b4 Bf8 15. b5 cxb5 16. cxd5 Qxc2 17. Rxc2 Nxd5 18. Bxb5 a6 19. Bxd7 Rxd7 20. Ne5 Rc7 21. Rxc7 Nxc7 22. Rc1 Na8 23. Kf1 Rd8 24. Ke2 f6 25. Nd3 Kf7 26. Nc5 Rc8 27. Na4 Rxc1 28. Bxc1 b5 29. Nb2 Nb6 30. Kd2 Bd6 31. h3 Ke7 32. Kc2 e5 33. dxe5 Bxe5 34. Nd3 Bd6 35. Bd2 Nc4 36. Bb4 a5 37. Bc5 Ke6 38. Kc3 Kd5 39. Bxd6 Nxd6 40. f3 Nb7 41. e4+ Kd6 42. Kd4 Nd8 43. f4 Ne6+ 44. Kc3 Kc6 45. g3 Nc5 46. Nf2 Na4+ 47. Kd4 b4 48. Nd1 Nb6 49. Nb2 Nc8 50. e5 fxe5+ 51. fxe5 Ne7 52. Kc4 Nd5 53. Na4 Ne3+ 54. Kd3 Nf1 55. g4 Kd5 56. Nb6+ Kxe5 57. Nc4+ Kd5 58. Nxa5 Ng3 59. Nc4 Ne4 60. Ne3+ Ke5 61. Nd1 Nd6 62. Ke3 Kd5 63. Kd3 Ne4 64. Ne3+ Ke5 65. Nd1 Nd6 1/2-1/2

[Event "Prague op"]
[Site "Prague"]
[Date "2019.03.15"]
[Round "8"]
[White "Kalinowska, Zuzanna"]
[Black "Slabicki, Andrzej"]
[Result "0-1"]
[WhiteElo "2062"]
[BlackElo "1940"]
[PlyCount "69"]
[EventDate "2019.03.09"]
[EventType "swiss"]
[EventRounds "9"]
[EventCountry "CZE"]
[SourceTitle "CBM 189 Extra"]
[Source "ChessBase"]
[SourceDate "2019.06.03"]
[SourceVersion "1"]
[SourceVersionDate "2019.06.03"]
[SourceQuality "1"]

1. d4 c5 2. d5 e6 3. c4 Nf6 4. Nc3 d6 5. e4 Be7 6. Bd3 0-0 7. Nge2 Nbd7 8. Ng3 a6 9. a4 Ne5 10. Be2 exd5 11. cxd5 Bd7 12. f4 Ng6 13. 0-0 Qa5 14. Be3 Qb4 15. Qd3 Ng4 16. Bd2 Qd4+ 17. Qxd4 cxd4 18. Nd1 Nf6 19. Bd3 Bd8 20. Bb4 Bc7 21. b3 Rfe8 22. Nb2 h5 23. Rae1 h4 24. Nh1 Ng4 25. Nc4 Ne3 26. Nxe3 dxe3 27. a5 b6 28. Rc1 Ra7 29. Bc3 Bb5 30. Bxb5 axb5 31. Bd4 Rxe4 32. axb6 Bxb6 33. Bxb6 Ra2 34. g3 h3 35. Bxe3 0-1

[Event "Prague op"]
[Site "Prague"]
[Date "2019.03.09"]
[Round "1"]
[White "Rakesh, Kumar Jena"]
[Black "Kalinowska, Zuzanna"]
[Result "1/2-1/2"]
[WhiteElo "2416"]
[BlackElo "2062"]
[PlyCount "118"]
[EventDate "2019.03.09"]
[EventType "swiss"]
[EventRounds "9"]
[EventCountry "CZE"]
[SourceTitle "CBM 189 Extra"]
[Source "ChessBase"]
[SourceDate "2019.06.03"]
[SourceVersion "1"]
[SourceVersionDate "2019.06.03"]
[SourceQuality "1"]

1. Nf3 Nf6 2. d4 e6 3. Bf4 b6 4. Nbd2 Bb7 5. e3 d6 6. Bd3 Nbd7 7. h3 Be7 8. Qe2 c5 9. c3 0-0 10. 0-0-0 Qc7 11. Kb1 a6 12. g4 b5 13. g5 Nh5 14. Bh2 g6 15. Rhg1 Rfc8 16. e4 b4 17. cxb4 cxd4 18. Nxd4 Qb6 19. Nc2 Ne5 20. Bxe5 dxe5 21. Nc4 Qc7 22. Qe3 Rab8 23. Qb6 Nf4 24. Qxc7 Rxc7 25. Nxe5 Nxh3 26. Rh1 Nxg5 27. f3 Rd8 28. Be2 Rxd1+ 29. Rxd1 f6 30. Nd7 f5 31. exf5 exf5 32. Nb8 Nxf3 33. Nxa6 Rc8 34. Nc5 Bxc5 35. bxc5 Be4 36. b4 Ne5 37. Kb2 g5 38. Nd4 f4 39. Ne6 h6 40. Kc3 f3 41. Bb5 Ng4 42. Rd7 Bf5 43. Re7 Bxe6 44. Rxe6 f2 45. Bc4 Kg7 46. c6 Nf6 47. b5 g4 48. Kd4 g3 49. Ke3 h5 50. Kf3 h4 51. b6 Nd5 52. Bf1 Nxb6 53. Re4 Rxc6 54. Rxh4 Rc3+ 55. Kg2 Ra3 56. Rg4+ Kf6 57. Rxg3 Rxg3+ 58. Kxg3 Ke5 59. Kxf2 Kd4 1/2-1/2

[Event "Vilnius Zavanelli Memorial op-A"]
[Site "Vilnius"]
[Date "2018.10.25"]
[Round "6"]
[White "Kalinowska, Zuzanna"]
[Black "Kaunas, Kestutis"]
[Result "0-1"]
[WhiteElo "2062"]
[BlackElo "2149"]
[PlyCount "74"]
[EventDate "2018.10.22"]
[EventType "swiss"]
[EventRounds "9"]
[EventCountry "LTU"]
[SourceTitle "CBM 187 Extra"]
[Source "ChessBase"]
[SourceDate "2018.11.04"]
[SourceVersion "1"]
[SourceVersionDate "2018.11.04"]
[SourceQuality "1"]

1. d4 Nf6 2. c4 e6 3. Nc3 d5 4. Nf3 c6 5. cxd5 exd5 6. Qc2 Bd6 7. Bg5 Nbd7 8. e3 Nf8 9. Bd3 Ng6 10. h4 h6 11. Bxg6 hxg5 12. Nxg5 fxg6 13. Qxg6+ Kd7 14. Qxg7+ Be7 15. Nf7 Rg8 16. Qxf6 Bxf6 17. Nxd8 Kxd8 18. g3 Bg4 19. Kd2 Ke7 20. Raf1 Bf3 21. Rh2 Kd6 22. Ne2 b6 23. Ng1 Bh5 24. Ne2 c5 25. dxc5+ bxc5 26. b3 a5 27. f3 a4 28. g4 axb3 29. axb3 Ra2+ 30. Ke1 Rb8 31. gxh5 Rxb3 32. h6 Rxe3 33. h7 Bc3+ 34. Kd1 Rd2+ 35. Kc1 Rexe2 36. Rxe2 Rxe2 37. f4 Re7 0-1

[Event "Vilnius Zavanelli Memorial op-A"]
[Site "Vilnius"]
[Date "2018.10.22"]
[Round "1"]
[White "Kalinowska, Zuzanna"]
[Black "Siniauski, Artsiom"]
[Result "1/2-1/2"]
[WhiteElo "2062"]
[BlackElo "2199"]
[PlyCount "107"]
[EventDate "2018.10.22"]
[EventType "swiss"]
[EventRounds "9"]
[EventCountry "LTU"]
[SourceTitle "CBM 187 Extra"]
[Source "ChessBase"]
[SourceDate "2018.11.04"]
[SourceVersion "1"]
[SourceVersionDate "2018.11.04"]
[SourceQuality "1"]

1. d4 Nf6 2. c4 c6 3. Nf3 d5 4. e3 g6 5. Nbd2 Bg7 6. b3 0-0 7. Bb2 Bf5 8. Be2 Ne4 9. 0-0 c5 10. cxd5 Qxd5 11. Bc4 Qd7 12. Qe2 Nxd2 13. Qxd2 Be4 14. Rfd1 Bxf3 15. gxf3 Qf5 16. dxc5 Bxb2 17. Qxb2 Qxf3 18. Bd5 Qg4+ 19. Bg2 Nc6 20. h3 Qb4 21. Bxc6 bxc6 22. Qd4 Qb5 23. Qe5 e6 24. Rd6 a5 25. Qc3 a4 26. b4 a3 27. Rad1 Qe2 28. Kg2 Qh5 29. R1d2 Qf5 30. Qc4 Rfc8 31. R2d3 h5 32. e4 Qe5 33. Rf3 Rd8 34. Rxa3 Rxa3 35. Rxd8+ Kh7 36. Rd3 Qg5+ 37. Rg3 Rxg3+ 38. fxg3 h4 39. Qd3 Qc1 40. a3 Qb2+ 41. Kf3 Qh2 42. Kg4 hxg3 43. Qxg3 Qe2+ 44. Qf3 f5+ 45. exf5 gxf5+ 46. Kg3 Qe5+ 47. Qf4 Qe1+ 48. Qf2 Qc3+ 49. Qf3 Qe5+ 50. Qf4 Qe1+ 51. Qf2 Qc3+ 52. Qf3 Qe5+ 53. Qf4 Qe1+ 54. Qf2 1/2-1/2

[Event "POL-ch rapid"]
[Site "Zgierz"]
[Date "2018.03.04"]
[Round "1"]
[White "Kulon, Klaudia"]
[Black "Kalinowska, Zuzanna"]
[Result "1-0"]
[WhiteElo "2326"]
[BlackElo "1980"]
[PlyCount "123"]
[EventDate "2018.03.04"]
[EventType "swiss (rapid)"]
[EventRounds "9"]
[EventCountry "POL"]
[SourceTitle "CBM 183 Extra"]
[Source "ChessBase"]
[SourceDate "2018.04.19"]
[SourceVersion "1"]
[SourceVersionDate "2018.04.19"]
[SourceQuality "1"]

1. c4 e5 2. g3 Nc6 3. Bg2 d6 4. Nc3 Nge7 5. e3 g6 6. Nge2 Bg7 7. 0-0 Be6 8. Nd5 0-0 9. h3 Qd7 10. Kh2 f5 11. d3 Nd8 12. Rb1 c6 13. Nxe7+ Qxe7 14. b4 d5 15. cxd5 cxd5 16. d4 e4 17. b5 Nf7 18. Nf4 Nd6 19. Ba3 Rfd8 20. Qb3 Qf7 21. Bxd6 Rxd6 22. Rfc1 Rad8 23. Rc5 b6 24. Rc2 g5 25. Nxe6 Rxe6 26. Rbc1 f4 27. Rc7 Re7 28. Rc8 Red7 29. R1c6 f3 30. Bf1 Bf8 31. Qc2 Bd6 32. Rxd8+ Rxd8 33. Rc8 Rxc8 34. Qxc8+ Kg7 35. h4 gxh4 36. Qg4+ Qg6 37. Qxh4 Qh6 38. Qxh6+ Kxh6 39. Bh3 Kg5 40. Be6 h5 41. Bxd5 h4 42. Kh3 hxg3 43. fxg3 f2 44. Bc4 Bb4 45. Kg2 Be1 46. Bg8 f1Q+ 47. Kxf1 Bxg3 48. Bh7 Kg4 49. Bxe4 Bh4 50. Ke2 Bg5 51. Kd3 Kg3 52. Bf5 Kf3 53. e4 Kf4 54. Kc4 Bh4 55. Bh7 Bf2 56. e5 Kg5 57. d5 Bg3 58. Kd4 Kh6 59. Be4 Kg7 60. d6 Bh4 61. Kd5 Kf7 62. Bf3 1-0

[Event "Marianske Lazne op 17th"]
[Site "Marianske Lazne"]
[Date "2018.01.25"]
[Round "7"]
[White "Kalinowska, Zuzanna"]
[Black "Simet, Martin"]
[Result "1/2-1/2"]
[WhiteElo "1980"]
[BlackElo "2170"]
[PlyCount "49"]
[EventDate "2018.01.20"]
[EventType "swiss"]
[EventRounds "9"]
[EventCountry "CZE"]
[SourceTitle "CBM 182 Extra"]
[Source "ChessBase"]
[SourceDate "2018.02.23"]
[SourceVersion "1"]
[SourceVersionDate "2018.02.23"]
[SourceQuality "1"]

1. d4 Nf6 2. Nf3 g6 3. c4 Bg7 4. Nc3 0-0 5. e4 d6 6. h3 e5 7. d5 Nbd7 8. Bg5 h6 9. Be3 Nc5 10. Nd2 a5 11. Be2 Ne8 12. g4 f5 13. gxf5 gxf5 14. exf5 Bxf5 15. Nb3 b6 16. Nxc5 bxc5 17. Qd2 Qh4 18. 0-0-0 a4 19. a3 e4 20. Rdg1 Kh7 21. Bg4 Bg6 22. Bd1 Bf5 23. Bg4 Bg6 24. Bd1 Bf5 25. Bg4 1/2-1/2

[Event "Plzen op 9th"]
[Site "Plzen"]
[Date "2017.11.22"]
[Round "4"]
[White "Bartos, Jan"]
[Black "Kalinowska, Zuzanna"]
[Result "1/2-1/2"]
[WhiteElo "2227"]
[BlackElo "1948"]
[PlyCount "56"]
[EventDate "2017.11.19"]
[EventType "swiss"]
[EventRounds "7"]
[EventCountry "CZE"]
[SourceTitle "CBM 181 Extra"]
[Source "ChessBase"]
[SourceDate "2017.12.12"]
[SourceVersion "1"]
[SourceVersionDate "2017.12.12"]
[SourceQuality "1"]

1. d4 Nf6 2. c4 e6 3. Nf3 Bb4+ 4. Bd2 Qe7 5. g3 Ne4 6. Bg2 0-0 7. 0-0 Nxd2 8. Nbxd2 d5 9. a3 Bxd2 10. Qxd2 Nd7 11. Rac1 c6 12. Qf4 Re8 13. Rfd1 Nb6 14. c5 Nc4 15. Rc2 b6 16. Ne5 Nxe5 17. Qxe5 Bd7 18. e4 bxc5 19. Rxc5 a5 20. Re1 Qd8 21. b4 axb4 22. axb4 Ra4 23. Qd6 Rxb4 24. Rxd5 cxd5 25. Qxb4 dxe4 26. Bxe4 Qb8 27. Qxb8 Rxb8 28. d5 exd5 1/2-1/2

[Event "Plzen op 9th"]
[Site "Plzen"]
[Date "2017.11.21"]
[Round "3"]
[White "Kalinowska, Zuzanna"]
[Black "Berka, Lubos"]
[Result "1-0"]
[WhiteElo "1948"]
[BlackElo "1760"]
[PlyCount "53"]
[EventDate "2017.11.19"]
[EventType "swiss"]
[EventRounds "7"]
[EventCountry "CZE"]
[SourceTitle "CBM 181 Extra"]
[Source "ChessBase"]
[SourceDate "2017.12.12"]
[SourceVersion "1"]
[SourceVersionDate "2017.12.12"]
[SourceQuality "1"]

1. d4 Nf6 2. c4 g6 3. Nc3 d5 4. cxd5 Nxd5 5. e4 Nxc3 6. bxc3 Bg7 7. Nf3 c5 8. Be3 Qa5 9. Qd2 Nc6 10. Rc1 Bg4 11. d5 Ne5 12. Nxe5 Bxe5 13. f3 Bd7 14. Be2 0-0 15. 0-0 Rac8 16. f4 Bb8 17. e5 Rfd8 18. Bf3 f6 19. e6 Bxe6 20. Qb2 Bd7 21. d6 exd6 22. Bd5+ Kf8 23. f5 Bxf5 24. g4 Bd3 25. Bh6+ Ke8 26. Rce1+ Kd7 27. Qxb7+ 1-0

[Event "EU-ch U16 Girls 27th"]
[Site "Mamaia"]
[Date "2017.09.11"]
[Round "6"]
[White "Louka, Magdalini"]
[Black "Kalinowska, Zuzanna"]
[Result "1/2-1/2"]
[WhiteElo "1814"]
[BlackElo "1992"]
[PlyCount "57"]
[EventDate "2017.09.05"]
[EventType "swiss"]
[EventRounds "9"]
[EventCountry "ROU"]
[SourceTitle "CBM 180 Extra"]
[Source "ChessBase"]
[SourceDate "2017.10.06"]
[SourceVersion "1"]
[SourceVersionDate "2017.10.06"]
[SourceQuality "1"]

1. e4 e6 2. d4 d5 3. Nd2 Nf6 4. e5 Nfd7 5. Bd3 b6 6. Ne2 Ba6 7. Bxa6 Nxa6 8. 0-0 c5 9. c4 Nc7 10. Nf4 g5 11. Nd3 cxd4 12. cxd5 Nxd5 13. Ne4 Be7 14. Qh5 Nc5 15. Ndxc5 bxc5 16. Nxg5 Bxg5 17. Bxg5 Qc7 18. Rfe1 Qb7 19. Re2 Rg8 20. f4 d3 21. Rd2 h6 22. Qxh6 c4 23. Qh7 Ne7 24. Rc1 Qb6+ 25. Kh1 Qe3 26. Rcd1 Rf8 27. Bh6 Rg8 28. Bg5 Rf8 29. Bh6 1/2-1/2

[Event "EU-ch U16 Girls 27th"]
[Site "Mamaia"]
[Date "2017.09.07"]
[Round "3"]
[White "Kalinowska, Zuzanna"]
[Black "Afonasieva, Anna"]
[Result "0-1"]
[WhiteElo "1992"]
[BlackElo "2263"]
[PlyCount "62"]
[EventDate "2017.09.05"]
[EventType "swiss"]
[EventRounds "9"]
[EventCountry "ROU"]
[SourceTitle "CBM 180 Extra"]
[Source "ChessBase"]
[SourceDate "2017.10.06"]
[SourceVersion "1"]
[SourceVersionDate "2017.10.06"]
[SourceQuality "1"]

1. d4 d5 2. Nf3 Nf6 3. c4 c6 4. e3 e6 5. Nbd2 c5 6. b3 Nc6 7. Bb2 Be7 8. Be2 0-0 9. 0-0 cxd4 10. Nxd4 Bd6 11. Nxc6 bxc6 12. Nf3 Qe7 13. cxd5 exd5 14. Rc1 Bd7 15. Ba6 Rab8 16. Re1 Rfd8 17. Nd2 Ng4 18. Nf3 c5 19. h3 Nf6 20. Qc2 Ne4 21. Bd3 h6 22. Bxe4 dxe4 23. Nd2 Bf5 24. Nc4 Rbc8 25. Red1 Bc7 26. Qc3 Qg5 27. Kh1 f6 28. Na3 Qh5 29. Qc4+ Kh8 30. Rd5 Rxd5 31. Qxd5 Rd8 0-1

[Event "Olomouc op 20th"]
[Site "Olomouc"]
[Date "2017.08.18"]
[Round "8"]
[White "Zaehringer, Daniel"]
[Black "Kalinowska, Zuzanna"]
[Result "1-0"]
[WhiteElo "2015"]
[BlackElo "1896"]
[PlyCount "79"]
[EventDate "2017.08.12"]
[EventType "swiss"]
[EventRounds "9"]
[EventCountry "CZE"]
[SourceTitle "CBM 180 Extra"]
[Source "ChessBase"]
[SourceDate "2017.10.06"]
[SourceVersion "1"]
[SourceVersionDate "2017.10.06"]
[SourceQuality "1"]

1. d4 Nf6 2. Bg5 e6 3. e4 h6 4. Bxf6 Qxf6 5. c3 d6 6. Bd3 Nd7 7. Ne2 e5 8. 0-0 g6 9. f4 exd4 10. cxd4 Bg7 11. Nbc3 c6 12. e5 Qe7 13. Ne4 dxe5 14. fxe5 0-0 15. Nf4 c5 16. Nd5 Qd8 17. dxc5 Nxe5 18. Bc2 Bf5 19. Rxf5 gxf5 20. Nd6 f4 21. Nxf4 Qg5 22. Nd5 Ng4 23. Qd3 f5 24. Rf1 Be5 25. h3 Nh2 26. Re1 Ng4 27. hxg4 Bh2+ 28. Kxh2 Qh4+ 29. Qh3 Qxe1 30. gxf5 Qe5+ 31. Qg3+ Qxg3+ 32. Kxg3 Rad8 33. f6 Rxd6 34. cxd6 Rd8 35. Kf4 Rxd6 36. Ke5 Ra6 37. Bb3 Kf8 38. Nc7 Rc6 39. Ne6+ Ke8 40. f7+ 1-0